| 000 | 00367nam a2200145Ia 4500 | ||
|---|---|---|---|
| 008 | 230917s9999||||xx |||||||||||||| ||und|| | ||
| 040 |
_e101609 _aMAIN |
||
| 041 | _aEnglish | ||
| 082 | _a330.954 S56P | ||
| 100 | _aSengupta, Keya | ||
| 245 | 0 | _aPrice formation process in the Indian Economy | |
| 260 |
_aNew Delhi _bMittal _c2003 |
||
| 300 | _a238 p. | ||
| 942 | _cBK | ||
| 999 |
_c122145 _d122145 |
||